Southville International School and Colleges
Your cart is empty.
  • Cart
  • Lists
    Public lists Eva Luna New books Lux_list list_1
    Your lists Log in to create your own lists
  • Log in to your account
  • Your cookies
  • Search history
Southville International School and Colleges
  • Advanced search
  • Recent comments
  • Most popular
  • Libraries

Log in to your account

Log in with GOOGLE


If you do not have an external account, but do have a local account, you can still log in:

  1. Home
  2. MARC view: HR : the business partner :
Normal view MARC view ISBD view

HR : the business partner : (Record no. 25321)

[ view plain ]
MARC details
000 -LEADER
fixed length control field 01050nam a2200265 a 4500
005 - DATE AND TIME OF LATEST TRANSACTION
control field 20140310183616.0
008 - FIXED-LENGTH DATA ELEMENTS--GENERAL INFORMATION
fixed length control field 120903s19uu xx 00 eng d
020 ## - INTERNATIONAL STANDARD BOOK NUMBER
International Standard Book Number 9781856178471
050 ## - LIBRARY OF CONGRESS CALL NUMBER
Classification number HF 5549
Item number .K445 2010
100 ## - MAIN ENTRY--PERSONAL NAME
Personal name Kenton, Barbara
245 ## - TITLE STATEMENT
Title HR : the business partner :
Remainder of title furthering the journey /
Statement of responsibility, etc Barbara Kenton and Jane Yarnall.
250 ## - EDITION STATEMENT
Edition statement 2nd ed.
260 ## - PUBLICATION, DISTRIBUTION, ETC. (IMPRINT)
Place of publication, distribution, etc Amsterdam :
Name of publisher, distributor, etc Butterworth-Heinemann,
Date of publication, distribution, etc 2010.
300 ## - PHYSICAL DESCRIPTION
Extent 285 p. :
Dimensions 25 cm.
440 ## - SERIES STATEMENT/ADDED ENTRY--TITLE
Title The HR series
500 ## - GENERAL NOTE
General note Includes index.
520 ## - SUMMARY, ETC.
Summary, etc Offers practical insights to take you through the process of business partnering, including no-nonsense description of what business partnering entails. This book covers the common challenges and advice on how to overcome them. It includes guidance on how to develop the skills and confidence required to work effectively
521 ## - TARGET AUDIENCE NOTE
Target audience note
650 ## - SUBJECT ADDED ENTRY--TOPICAL TERM
Topical term or geographic name as entry element Personnel directors
650 ## - SUBJECT ADDED ENTRY--TOPICAL TERM
Topical term or geographic name as entry element Partnership
650 ## - SUBJECT ADDED ENTRY--TOPICAL TERM
Topical term or geographic name as entry element Management
700 ## - ADDED ENTRY--PERSONAL NAME
Personal name Yarnall, Jane
942 ## - ADDED ENTRY ELEMENTS (KOHA)
Koha item type Books
Source of classification or shelving scheme Library of Congress Classification
Call number prefix Foreign
Holdings
Withdrawn status Lost status Source of classification or shelving scheme Damaged status Home library Current library Shelving location Date acquired Source of acquisition Total Checkouts Total Renewals Full call number Barcode Date last seen Date checked out Copy number Price effective from Koha item type
    Library of Congress Classification   College Library College Library General Circulation Section 09/03/2012 Library Fund 1 1 HF 5549 .K445 2010 C15345 05/15/2018 11/03/2014 1 10/18/2013 Books

HR : the business partner :

APA

Kenton B., Yarnall J., . (2010). HR : the business partner. Amsterdam: Butterworth-Heinemann.

Chicago

Kenton Barbara, Yarnall Jane, . 2010. HR : the business partner. Amsterdam: Butterworth-Heinemann.

Harvard

Kenton B., Yarnall J., . (2010). HR : the business partner. Amsterdam: Butterworth-Heinemann.

MLA

Kenton Barbara, Yarnall Jane, . HR : the business partner. Amsterdam: Butterworth-Heinemann. 2010.

  • Place hold
  • Print
  • Cite
  • Add to your cart (remove)
  • Save record
    BIBTEX Dublin Core MARCXML MARC (non-Unicode/MARC-8) MARC (Unicode/UTF-8) MARC (Unicode/UTF-8, Standard) MODS (XML) RIS
  • More searches
    Search for this title in:
    Other Libraries (WorldCat) Other Databases (Google Scholar) Online Stores (Bookfinder.com) Open Library (openlibrary.org)

Exporting to Dublin Core...

SOUTHVILLE LIBRARY

Southville International School and Colleges Library

1281 Tropical Ave. Cor. Luxembourg St., BF Homes International, Las Pinas City

Tel. No. 8256374 / 252358 Loc. 117/146

Powered by Koha